Optimalizačný prístup k formovaniu hospodárskej politiky na základe ekonometrického modelu

Použitie ekonometrického modelu na názorné vysvetlenie princípu formulácie a riešenia optimalizačného prístupu k formovaniu makroekonomickej politiky.

Salvato in:
Dettagli Bibliografici
Autore principale: Ištvániková, Adriana, 1971-
Natura: Capitolo di libro
Lingua:slovacco
Soggetti:
Tags: Aggiungi Tag
Nessun Tag, puoi essere il primo ad aggiungerne!!

MARC

LEADER 00000naa$a2200000$$$4500
001 0019855
005 20221007085715.7
041 0 |a slo 
044 |a SK 
245 1 0 |a Optimalizačný prístup k formovaniu hospodárskej politiky na základe ekonometrického modelu  |c Adriana Ištvániková 
520 |a Použitie ekonometrického modelu na názorné vysvetlenie princípu formulácie a riešenia optimalizačného prístupu k formovaniu makroekonomickej politiky. 
610 2 0 |a modely ekonometrické 
610 2 0 |a politika hospodárska 
610 2 0 |a makroekonomika 
610 2 0 |a optimalizácia 
100 1 |a Ištvániková, Adriana, 1971-